000 00574ntaaa2200193 4500
003 01
005 20251027201229.0
008 0714s1973 ag 01
040 _aAR-BaBN
_bspa
_cAR-BaBN
_eaacr
_dRIC
082 _a220.92 F63
100 _aFletcher, William C.
_96836
245 _aUnlikely saints of the Bible /
_cWilliam C. Fletcher
250 _a1 ed.
260 _aGrand Rapids :
_bZondervan Publishing House,
_cc1961
300 _a144 p.
500 _aBiografĂ­as de varios personajes conocidos y desconocidos de la Biblia
650 _aBiblia-BiografĂ­a
942 _cBK
999 _c6634
_d6634